000 00877nam a2200277 i 4500
001 bg
100 1 _aKERSKI, Basil
_d(1969- )
245 1 0 _aOtwarta brama :
_bNiemcy między zjednoczeniem a końcen stulecia : szkice i rozmowy /
_cBasil Kerski.
260 _aOlsztyn :
_bWspólnota Kulturowa "Borussia",
_c1999.
300 _a223, [1] s. ;
_c21 cm.
490 1 _aBiblioteka "Borussii" ;
_v14
504 _aNota bibliogr. s. [224].
650 9 _aPublicystyka niemiecka
_yod 1989 r.
650 9 _aNiemcy a Polska
_yod 1990 r.
650 9 _aPolska a Niemcy
_yod 1989 r.
651 9 _aNiemcy
_xzjednoczenie 1990 r.
655 _aPublicystyka
830 _aBiblioteka "Borussii" ;
020 _a8390972425
040 _cBPK
041 0 _apl
080 _a327(438:430)"1989/..."
920 _a83-909724-2-5
942 _cKS
008 s pl f |000 0 pol
999 _c37225
_d37225
856 _uhttp://koha.tu.koszalin.pl/cgi-bin/koha/opac-detail.pl?biblionumber=37225
_yKatalog online BPK